MARC

Tag First Indicator Second Indicator Subfields
LEADER 00000cam a2200000Ia 4500
001 in00002052218
005 20151101064104.0
008 050430s2003 txua bt 000 0 eng d
027 |a FHWA/TX-04/0-4273-2 
027 |a TxDOT 0-4273-2 
035 |a (OCoLC)ocm59880966 
040 |a CBT  |c CBT  |d TXA  |d UtOrBLW 
043 |a n-us-tx 
049 |a TXAM 
086 |a T1311.7 R311 NO.4273-2  |2 txdocs 
090 |a HE203  |b .T43 no.0-4273-2 
245 0 0 |a Yellow and red intervals to improve signal timing plans for left-turn movements /  |c by Lei Yu [and others]. 
264 1 |a Houston, Tex. :  |b Dept. of Transportation Studies, Texas Southern University ;  |a [Springfield, Va.] :  |b [Available through the National Technical Information Service],  |c [2003] 
300 |a xx, 97 pages :  |b illustrations ;  |c 28 cm. 
336 |a text  |b txt  |2 rdacontent 
337 |a unmediated  |b n  |2 rdamedia 
338 |a volume  |b nc  |2 rdacarrier 
490 1 |a Report ;  |v 0-4273-2 
513 |a Technical report ;  |b Sept. 2001-Aug. 2003. 
536 |a Performed for Texas Dept. of Transportation Research and Technology Transfer Office in cooperation with the U.S. Dept. of Transportation, Federal Highway Administration under project no.  |f 0-4273. 
500 |a "December 2003." 
504 |a Includes bibliographical references (pages 59-61). 
650 0 |a Traffic flow  |z Texas  |x Mathematical models. 
650 0 |a Traffic signs and signals  |z Texas. 
650 0 |a Electronic traffic controls  |z Texas. 
650 7 |a left turns.  |2 trt 
650 7 |a red interval (traffic signal cycle)  |2 trt 
650 7 |a yellow interval (traffic signal cycle)  |2 trt 
700 1 |a Yu, Lei. 
710 1 |a Texas.  |b Department of Transportation. 
710 2 |a Texas Southern University.  |b Department of Transportation Studies. 
830 0 |a Research report (Austin, Tex.) ;  |v 0-4273-2. 
994 |a E0  |b TXA 
948 |a cataloged  |b h  |c 2005/5/10  |d c  |e blrosas  |f 11:11:16 am 
999 |a MARS 
999 f f |s 17b8ca9b-18d1-3ee1-9bf5-adc65355b0d8  |i 8cdd8857-57ee-3aa5-93bf-a048afa8ab58  |t 0 
952 f f |p ric  |a Texas A&M University  |b Rellis Campus  |c Joint Library Facility  |d Remote Storage  |t 0  |e HE203 .T43 no.0-4273-2  |h Library of Congress classification  |i unmediated -- volume  |m A14833780424 
998 f f |a HE203 .T43 no.0-4273-2  |t 0  |l Remote Storage